Giáo trình quản lý kinh tế T.1 /
Nội dung cuốn sách này gồm: Tổng quan về kinh tế; Vận dụng các quy luật trong quản lý kinh tế - các nguyên tắc quản lý kinh tế; Các chức năng quản lý kinh tế; Thông tin và quyết định, các phương pháp quản lý kinh tế; Cán bộ quản lý kinh tế....
Gespeichert in:
| 1. Verfasser: | |
|---|---|
| Weitere Verfasser: | , |
| Format: | Buch |
| Sprache: | Vietnamese |
| Veröffentlicht: |
Hà Nội :
Khoa học và kỹ thuật,
2000.
|
| Schlagworte: | |
| Tags: |
Tag hinzufügen
Keine Tags, Fügen Sie den ersten Tag hinzu!
|
| Thư viện lưu trữ: | Mạng thư viện Đại học Đà Nẵng |
|---|
| LEADER | 01282cam a2200361 i 4500 | ||
|---|---|---|---|
| 001 | 000043391 | ||
| 003 | 1358 | ||
| 005 | 20030917100938.0 | ||
| 008 | 010217b2000 vm 000 vie | ||
| 020 | |c 21500 | ||
| 040 | |a IRC |c IRC |d IRC | ||
| 041 | 0 | |a vie | |
| 082 | 1 | 4 | |a 658.077 |b ĐÔ-T |
| 100 | 1 | |a Đỗ Hoàng Toàn. | |
| 245 | 0 | 0 | |a Giáo trình quản lý kinh tế |n T.1 / |c Chủ biên: Đỗ Hoàng Toàn, Mai Văn Bưu, Đoàn Thị Thu Hà. |
| 260 | |a Hà Nội : |b Khoa học và kỹ thuật, |c 2000. | ||
| 300 | |a 304tr. ; |c 20,5cm. | ||
| 520 | 3 | |a Nội dung cuốn sách này gồm: Tổng quan về kinh tế; Vận dụng các quy luật trong quản lý kinh tế - các nguyên tắc quản lý kinh tế; Các chức năng quản lý kinh tế; Thông tin và quyết định, các phương pháp quản lý kinh tế; Cán bộ quản lý kinh tế. | |
| 630 | 0 | 4 | |a Kinh tế. |
| 630 | 0 | 4 | |a Quản lý. |
| 650 | 0 | 4 | |a Quản lý kinh tế |x Giáo trình. |
| 700 | 1 | |a Mai Văn Bưu. | |
| 700 | 1 | |a Đoàn Thị Thu Hà. | |
| OWN | |a DUT | ||
| 999 | |a From the UDN01 | ||
| TYP | |a Monograph | ||
| TYP | |a Printed language | ||
| 980 | |a Mạng thư viện Đại học Đà Nẵng | ||